Statistics for Connecticut Interstate Highways

Click here to take the quiz!

General Stats

  • This quiz has been taken 359 times
  • The average score is 5 of 8

Answers on the Map

Answers color-coded by a green-red scale on the quiz's map according to % correct below.
 

Answer Stats

Highway% Correct
I-95
97%
I-84
88%
I-91
88%
I-395
62%
I-384
56%
I-291
55%
I-691
52%
I-684
45%

Score Distribution

Percentile by Number Answered

Percent of People with Each Score

Your Score History

You have not taken this quiz